00221nam a2200085Ia 4500008004100000100002000041245003900061260001500100650002000115190216s9999||||xx |||||||||||||| ||und|| aNikolay Yefimov 0aVithyasthamaya Oru Jeevitha Reethi bSoviet Pub aEssay Malayalam